Podľa návrhu Protimonopolného úradu SR by jeho predsedu mal schvalovať i odvolávať parlament
Protimonopolný úrad (PÚ) SR navrhuje zásadné legislatívne úpravy ochrany hospodárskej súťaže od r. 2001. Zmeny by mali posilniť nezávislosť úradu a rozšíriť počet posudzovaných protisúťažných praktík. Potreba vypracovania nového zákona. Silný predseda verzus kolektívny orgán. Posilnenie právomoci PÚ...
Salvato in:
| Autore principale: | |
|---|---|
| Natura: | Capitolo di libro |
| Lingua: | slovacco |
| Soggetti: | |
| Tags: |
Nessun Tag, puoi essere il primo ad aggiungerne!!
|
MARC
| LEADER | 00000naa a2200000 4500 | ||
|---|---|---|---|
| 001 | r037142 | ||
| 005 | 20230921105502.1 | ||
| 041 | 0 | |a slo | |
| 044 | |a SK | ||
| 245 | 1 | 0 | |a Podľa návrhu Protimonopolného úradu SR by jeho predsedu mal schvalovať i odvolávať parlament |c Peter Vašina |
| 520 | |a Protimonopolný úrad (PÚ) SR navrhuje zásadné legislatívne úpravy ochrany hospodárskej súťaže od r. 2001. Zmeny by mali posilniť nezávislosť úradu a rozšíriť počet posudzovaných protisúťažných praktík. Potreba vypracovania nového zákona. Silný predseda verzus kolektívny orgán. Posilnenie právomoci PÚ aj vo vzťahu k inštitúciám verejnej správy. | ||
| 610 | 2 | 0 | |a súťaž hospodárska |
| 610 | 2 | 0 | |a konkurencia |
| 610 | 2 | 0 | |a legislatíva |
| 610 | 2 | 0 | |a zákony |
| 610 | 2 | 0 | |a správa verejná |
| 610 | 2 | 0 | |a Slovensko |
| 610 | 2 | 0 | |a Protimonopolný úrad SR Bratislava |
| 100 | 1 | |a Vašina, Peter | |